| 000 | 00709nam a2200217Ii 4500 | ||
|---|---|---|---|
| 003 | JO-AjNU | ||
| 008 | 230605s9999||||xx |||||||||||||| ||und|| | ||
| 017 | _a3446 | ||
| 040 |
_aJO-AjNU _bara _erda _cJO-AjNU |
||
| 041 | _aara | ||
| 050 | 1 | 4 | _aHA29.A27.1980 |
| 100 | 3 |
_aأبو النيل، محمود السيد, _eauthor _938241 |
|
| 245 | 0 | 0 | _aالاحصاء النفسي والاجتماعي"وبحوث ميدانية تطبيقية" |
| 250 | _aط3 | ||
| 264 | 3 | 1 | _aالقاهرة:مكتبة الخانجي،1980 |
| 300 | _a579ص | ||
| 336 |
_atext _btxt _2rdacontent |
||
| 337 |
_aunmediated _bn _2rdamedia |
||
| 338 |
_avolume _bnc _2rdacarrier |
||
| 650 | 4 |
_aعلم نفس -- إحصاءات. _938242 |
|
| 999 |
_aA16050 _c19618 _d19618 |
||